Movies Quiz

Random Movies or Disney Quiz
Score 0/25 Timer 05:00
0 Plays Today
% Correct
Toy Story 2
91.5%
Finding Dory
90.5%
Inside Out
89.1%
Monsters University
85.3%
Happy Feet
84.2%
Chicken Run
76.8%
Meet the Robinsons
75.6%
Hotel Transylvania
71.3%
Hercules
70.6%
Cloudy with a Chance of Meatballs
67.8%
Spirited Away
65.2%
Zootopia
65%
A Bug's Life
64.9%
% Correct
The Nightmare Before Christmas
55.8%
Brave
55.2%
Monster House
43%
Tangled
42.4%
Anastasia
42%
The Polar Express
40.9%
The Lego Movie
37.3%
Sleeping Beauty
35.7%
Coraline
33.4%
The Wild
22.7%
Home
22.6%
How to Train Your Dragon
20.6%

You're not logged in!

Compare scores with friends on all Sporcle quizzes.
OR
Log In

Sporcle TV

Today on Sporcle TV


Watch our educational content, quiz creation guides, and fun videos on Sporcle TV.

Show Comments

Extras

Top Quizzes Today


Score Distribution

Your Account Isn't Verified!

In order to create a playlist on Sporcle, you need to verify the email address you used during registration. Go to your Sporcle Settings to finish the process.

Report this User

Report this user for behavior that violates our Community Guidelines.

Details: